000 00892nam a2200253Ia 4500
003 OSt
005 20221005112301.0
006 a|||||r|||| 00| 0
007 ta
008 221004b |||||||| |||| 00| 0 pan d
020 _a9788178563664 (hbk)
_c500
024 _a2690
037 _b697, 21/01/2013, Bright Book Service
_cTextual
040 _aCRL
_cCRL
_bpan
041 _2pan
_apan
082 _aP153:4k, Q3
100 _aਬ੍ਰਰਮਜਗਦੀF ਸਿੰਘ
245 0 _aਸਾਹਿਤ ਸੰਕਲਪ ਕੋF
260 _aਅੰਮ੍ਰਿਤਸਰ
_bਵਾਰਿਸ Fਾਹ ਖ਼ਾਉ੍ਵਡੇFਨ ਭਾਰਤ
_c2013
300 _a400ਪੰ
_ccm.
650 _aਪੰਜਾਬੀ ਭਾFਾ
942 _hP153:4k, Q3
_cTEXL
_2cc
999 _c1024412
_d1024412